<?xml version="1.0" encoding="UTF-8"?>
<collection xmlns="http://www.loc.gov/MARC21/slim">
 <record>
  <leader>01130cam a2200253 7i4500</leader>
  <controlfield tag="001">0000045108</controlfield>
  <controlfield tag="005">20111220090000.0</controlfield>
  <datafield tag="022" ind1="0" ind2="0">
   <subfield code="a">01270575</subfield>
  </datafield>
  <datafield tag="090" ind1="0" ind2="0">
   <subfield code="a">S 19 </subfield>
   <subfield code="b">.B8</subfield>
  </datafield>
  <datafield tag="245" ind1="0" ind2="0">
   <subfield code="a">Buletin maklumat pertanian Malaysia.</subfield>
  </datafield>
  <datafield tag="260" ind1="0" ind2="0">
   <subfield code="a">Serdang: </subfield>
   <subfield code="b">Perpustakaan Universiti Pertanian Malaysia, </subfield>
   <subfield code="c">1982-.</subfield>
  </datafield>
  <datafield tag="300" ind1=" " ind2=" ">
   <subfield code="a">v.: </subfield>
   <subfield code="b">ill.; </subfield>
   <subfield code="c">30 cm..</subfield>
  </datafield>
  <datafield tag="650" ind1="0" ind2="0">
   <subfield code="a">Agriculture -- </subfield>
   <subfield code="x">Periodicals -- </subfield>
   <subfield code="z">Malaysia </subfield>
  </datafield>
  <datafield tag="850" ind1=" " ind2=" ">
   <subfield code="a">Library has jil.2 1982-jil.13 1993-</subfield>
  </datafield>
  <datafield tag="999" ind1=" " ind2=" ">
   <subfield code="a">1000387324</subfield>
   <subfield code="b">Jurnal</subfield>
   <subfield code="c">Jurnal Berjilid</subfield>
   <subfield code="e">KOLEKSI TERBITAN BERSIRI</subfield>
  </datafield>
  <datafield tag="999" ind1=" " ind2=" ">
   <subfield code="a">2000130420</subfield>
   <subfield code="b">Jurnal</subfield>
   <subfield code="c">Jurnal Berjilid</subfield>
   <subfield code="e">KOLEKSI TERBITAN BERSIRI</subfield>
  </datafield>
  <datafield tag="999" ind1=" " ind2=" ">
   <subfield code="a">1000397789</subfield>
   <subfield code="b">Jurnal</subfield>
   <subfield code="c">Jurnal Berjilid</subfield>
   <subfield code="e">KOLEKSI TERBITAN BERSIRI</subfield>
  </datafield>
  <datafield tag="999" ind1=" " ind2=" ">
   <subfield code="a">1000397785</subfield>
   <subfield code="b">Jurnal</subfield>
   <subfield code="c">Jurnal Berjilid</subfield>
   <subfield code="e">KOLEKSI TERBITAN BERSIRI</subfield>
  </datafield>
  <datafield tag="999" ind1=" " ind2=" ">
   <subfield code="a">1000397786</subfield>
   <subfield code="b">Jurnal</subfield>
   <subfield code="c">Jurnal Berjilid</subfield>
   <subfield code="e">KOLEKSI TERBITAN BERSIRI</subfield>
  </datafield>
  <datafield tag="999" ind1=" " ind2=" ">
   <subfield code="a">1000397787</subfield>
   <subfield code="b">Jurnal</subfield>
   <subfield code="c">Jurnal Berjilid</subfield>
   <subfield code="e">KOLEKSI TERBITAN BERSIRI</subfield>
  </datafield>
  <datafield tag="999" ind1=" " ind2=" ">
   <subfield code="a">1000397788</subfield>
   <subfield code="b">Jurnal</subfield>
   <subfield code="c">Jurnal Berjilid</subfield>
   <subfield code="e">KOLEKSI TERBITAN BERSIRI</subfield>
  </datafield>
  <datafield tag="999" ind1=" " ind2=" ">
   <subfield code="a">1100032091</subfield>
   <subfield code="b">Jurnal</subfield>
   <subfield code="c">Jurnal Berjilid</subfield>
   <subfield code="e">KOLEKSI TERBITAN BERSIRI</subfield>
  </datafield>
  <datafield tag="999" ind1=" " ind2=" ">
   <subfield code="a">1100032092</subfield>
   <subfield code="b">Jurnal</subfield>
   <subfield code="c">Jurnal Berjilid</subfield>
   <subfield code="e">KOLEKSI TERBITAN BERSIRI</subfield>
  </datafield>
 </record>
</collection>
